SHARIRIK SHIKSHA ME SANGHTHAN, PARSHASAN EVAM PRAY (Record no. 36653)

MARC details
000 -LEADER
fixed length control field 00419nam a2200169Ia 4500
008 - FIXED-LENGTH DATA ELEMENTS--GENERAL INFORMATION
fixed length control field 200305s9999 xx 000 0 und d
020 ## - INTERNATIONAL STANDARD BOOK NUMBER
International Standard Book Number 978-81-7879-686-4
082 ## - DEWEY DECIMAL CLASSIFICATION NUMBER
Classification number 796.069
082 ## - DEWEY DECIMAL CLASSIFICATION NUMBER
Item number SHS
041 ## - LANGUAGE CODE
Language code of text/sound track or separate title hin
100 ## - MAIN ENTRY--PERSONAL NAME
Personal name SHINDE B S
245 ## - TITLE STATEMENT
Title SHARIRIK SHIKSHA ME SANGHTHAN, PARSHASAN EVAM PRAY
260 ## - PUBLICATION, DISTRIBUTION, ETC.
Place of publication, distribution, etc. NEW DELHI
Name of publisher, distributor, etc. SPORT EDUCATION
300 ## - PHYSICAL DESCRIPTION
Extent 236
440 ## - SERIES STATEMENT/ADDED ENTRY--TITLE
Volume/sequential designation 2013
650 ## - SUBJECT ADDED ENTRY--TOPICAL TERM
Topical term or geographic name entry element PHYSICAL EDUCATION
Holdings
Withdrawn status Lost status Damaged status Not for loan Home library Current library Date acquired Cost, normal purchase price Total Checkouts Total Renewals Full call number Barcode Date last seen Date last checked out Cost, replacement price Price effective from Koha item type
        Chaudhary Ranbir Singh University Chaudhary Ranbir Singh University 05.03.2020 650.00 6 1 796.069 SHS 7660 28.03.2024 15.03.2024 650.00 05.03.2020 Books
        Chaudhary Ranbir Singh University Chaudhary Ranbir Singh University 05.03.2020 650.00     796.069 SHS 7661 05.03.2020   650.00 05.03.2020 Books
        Chaudhary Ranbir Singh University Chaudhary Ranbir Singh University 05.03.2020 650.00 3 1 796.069 SHS 7662 04.04.2024 20.03.2024 650.00 05.03.2020 Books


Copyright © 2025 CRSU. All Rights Reserved.